000 00454nam a22001457a 4500
008 140327b xxu||||| |||| 00| 0 eng d
020 _a9780904717419
050 _aBT75.2.M695 2013
100 _aMoffatt, John
_99619
245 _aThe Resurrection of the Word
_ba modern quest for intelligent faith
_cJohn Moffatt
260 _aOxford
_bWay Books
_c2013
300 _axi, 311p. ;
_c24cm.
650 _aTheology, Doctrinal
_99620
942 _2lcc
_cMONOGRAPH
999 _c120329
_d120329